FOOTBALL - Classement Phase de Ligue LDC 2024/2025 - Statistiques

Statistiques générales
  • Ce quiz a été pris 43 fois
  • Le résultat moyen est 11 sur 36
Statistiques - réponses
Position Équipe G N P Pts % Correct
15 Paris Saint-Germain 4 1 3 13
80%
3 Arsenal 6 1 1 19
78%
2 Barcelone 6 1 1 19
78%
1 Liverpool 7 0 1 21
78%
11 Real Madrid 5 0 3 15
78%
12 Bayern Munich 5 0 3 15
73%
22 Manchester City 3 2 3 11
63%
4 Inter Milan 6 1 1 19
60%
13 AC Milan 5 0 3 15
50%
10 Borussia Dortmund 5 0 3 15
45%
7 Lille 5 1 2 16
45%
17 AS Monaco 4 1 3 13
35%
8 Aston Villa 5 1 2 16
35%
6 Bayer Leverkusen 5 1 2 16
35%
20 Juventus Turin 3 3 2 12
33%
32 RB Leipzig 1 0 7 3
33%
18 Stade Brestois 4 1 3 13
30%
5 Atlético de Madrid 6 0 2 18
25%
16 Benfica Lisbonne 4 1 3 13
18%
34 RB Salzbourg 1 0 7 3
18%
21 Celtic 3 3 2 12
15%
19 Feyenoord Rotterdam 4 1 3 13
15%
9 Atalanta Bergame 4 3 1 15
13%
33 Girona FC 1 0 7 3
13%
36 BSC Young Boys 0 0 8 0
10%
31 Sparta Prague 1 1 6 4
10%
23 Sporting CP 3 2 3 11
10%
28 Bologne 1 3 4 6
8%
24 Club Bruges 3 2 3 11
8%
29 Étoile rouge de Belgrade 2 0 6 6
8%
35 Slovan Bratislava 0 0 8 0
5%
26 VFB Stuttgart 3 1 4 10
5%
27 Chakhtar Donetsk 2 1 5 7
3%
25 Dinamo Zagreb 3 2 3 11
3%
30 Sturm Graz 2 0 6 6
3%
14 PSV Endhoven 4 2 2 14
0%
Aucun quiz correspondant
Distribution des résultats
% des personnes avec chaque résultat
Percentile par nombre de réponses
Votre historique - résultats
Vous n’avez pas pris ce quiz